000 00295nam a2200109Ia 4500
008 170221s9999 xx 000 0 und d
245 _aTable of Contents (page 1)
260 _c2015
300 _a5 : 1
650 _xBusiness
856 _uhttp://onlinelibrary.wiley.com/doi/10.1111/jbfa.12143/pdf
999 _c313551
_d313551